[Event "MCR druzstev mladsich zaku 2015"]
[Site "Hradec Kralove"]
[Date "2015.06.12"]
[Round "1.10"]
[White "Babula (Stare Mesto), Vlastimil"]
[Black "Mikesch (Interchess), Dalibor"]
[Result "0-1"]
[BlackElo "1384"]
[WhiteElo "1323"]
[LiveChessVersion "1.4.4"]

1. e4 {[%clk 0:25:17]} c5 {[%clk 0:25:16]} 2. Nf3 {[%clk 0:25:24]} d6
{[%clk 0:25:23]} 3. d4 {[%clk 0:25:29]} cxd4 {[%clk 0:25:30]} 4. Nxd4
{[%clk 0:25:36]} Nf6 {[%clk 0:25:37]} 5. Nc3 {[%clk 0:25:43]} a6 {[%clk 0:25:44]}
6. Bg5 {[%clk 0:25:47]} e6 {[%clk 0:25:51]} 7. f4 {[%clk 0:25:49]} Be7
{[%clk 0:25:56]} 8. Qf3 {[%clk 0:25:54]} Nbd7 {[%clk 0:25:44]} 9. O-O-O O-O
{[%clk 0:25:44]} 10. Kb1 {[%clk 0:26:03]} Qc7 {[%clk 0:25:35]} 11. g4
{[%clk 0:25:44]} b5 {[%clk 0:25:29]} 12. Bg2 {[%clk 0:25:28]} Bb7
{[%clk 0:25:31]} 13. f5 {[%clk 0:25:10]} exf5 {[%clk 0:25:26]} 14. gxf5
{[%clk 0:24:39]} Ne5 {[%clk 0:24:23]} 15. Qg3 {[%clk 0:24:20]} Ned7
{[%clk 0:22:18]} 16. Bh6 {[%clk 0:22:06]} Nh5 {[%clk 0:21:57]} 17. Qg4
{[%clk 0:21:38]} Ndf6 {[%clk 0:21:43]} 18. Qg5 {[%clk 0:20:52]} Kh8
{[%clk 0:21:12]} 19. Bf3 {[%clk 0:20:40]} gxh6 {[%clk 0:19:35]} 20. Bxh5
{[%clk 0:20:32]} hxg5 {[%clk 0:19:42]} 21. Bf3 {[%clk 0:20:22]} Rg8
{[%clk 0:19:07]} 22. h4 {[%clk 0:20:19]} g4 {[%clk 0:18:40]} 23. Bg2
{[%clk 0:20:14]} b4 {[%clk 0:17:54]} 24. Nce2 {[%clk 0:19:55]} Nxe4
{[%clk 0:17:28]} 25. Bxe4 {[%clk 0:18:39]} Bxe4 {[%clk 0:17:29]} 26. Rc1
{[%clk 0:18:26]} Bxh1 {[%clk 0:17:27]} 27. Rxh1 {[%clk 0:18:25]} Bf6
{[%clk 0:17:13]} 28. Rc1 {[%clk 0:18:29]} Bxd4 {[%clk 0:17:09]} 29. Nxd4
{[%clk 0:18:35]} g3 {[%clk 0:17:04]} 30. Rg1 {[%clk 0:18:34]} g2 {[%clk 0:17:08]}
31. h5 {[%clk 0:17:51]} Qc5 {[%clk 0:17:05]} 32. Ne2 {[%clk 0:17:42]} Qf2
{[%clk 0:17:06]} 33. b3 {[%clk 0:17:01]} Qxe2 {[%clk 0:17:05]} 34. Kb2
{[%clk 0:17:05]} Rac8 {[%clk 0:17:10]} 35. Rc1 {[%clk 0:17:10]} Rc7
{[%clk 0:17:09]} 36. Kb1 {[%clk 0:17:15]} Rgc8 {[%clk 0:17:08]} 37. Kb2
{[%clk 0:17:21]} Rxc2+ {[%clk 0:17:12]} 38. Rxc2 {[%clk 0:17:26]} Qxc2+
{[%clk 0:17:20]} 39. Ka1 {[%clk 0:17:35]} Qc1# {[%clk 0:17:27]} 0-1

[Event "MCR druzstev mladsich zaku 2015"]
[Site "Hradec Kralove"]
[Date "2015.06.12"]
[Round "1.11"]
[White "Lhotska (Interchess), Anna"]
[Black "Lapcik (Stare Mesto), Roman"]
[Result "1-0"]
[BlackElo "1272"]
[WhiteElo "1568"]
[LiveChessVersion "1.4.4"]

1. e4 {[%clk 0:25:18]} e5 {[%clk 0:25:19]} 2. Nf3 {[%clk 0:25:26]} Nc6
{[%clk 0:25:27]} 3. Nc3 {[%clk 0:25:34]} Nf6 {[%clk 0:25:21]} 4. d4
{[%clk 0:25:42]} exd4 {[%clk 0:24:39]} 5. Nxd4 {[%clk 0:25:50]} Nxd4
{[%clk 0:23:36]} 6. Qxd4 {[%clk 0:25:58]} d6 {[%clk 0:22:32]} 7. Bf4
{[%clk 0:24:40]} Be7 {[%clk 0:20:31]} 8. O-O-O {[%clk 0:23:50]} O-O
{[%clk 0:19:35]} 9. Bc4 {[%clk 0:21:30]} Re8 {[%clk 0:17:06]} 10. Rhe1
{[%clk 0:20:08]} b6 {[%clk 0:15:31]} 11. Nd5 {[%clk 0:19:07]} Bb7
{[%clk 0:13:59]} 12. f3 {[%clk 0:16:15]} c5 {[%clk 0:13:17]} 13. Nxe7+
{[%clk 0:16:08]} Qxe7 {[%clk 0:12:44]} 14. Qxd6 {[%clk 0:15:50]} Qxd6
{[%clk 0:11:53]} 15. Rxd6 {[%clk 0:15:34]} Rad8 {[%clk 0:10:36]} 16. Red1
{[%clk 0:15:20]} Rxd6 {[%clk 0:10:17]} 17. Rxd6 {[%clk 0:15:12]} Bc8
{[%clk 0:09:11]} 18. Bb5 {[%clk 0:13:49]} Rf8 {[%clk 0:08:21]} 19. Bg5
{[%clk 0:13:16]} Be6 {[%clk 0:04:24]} 20. Rc6 {[%clk 0:10:38]} Bd7
{[%clk 0:03:30]} 21. Bxf6 {[%clk 0:09:59]} Bxc6 {[%clk 0:03:22]} 22. Bxc6
{[%clk 0:10:07]} gxf6 {[%clk 0:03:25]} 23. Kd2 {[%clk 0:10:06]} Rd8+
{[%clk 0:03:31]} 24. Bd5 {[%clk 0:10:12]} Kf8 {[%clk 0:03:33]} 25. Kc3
{[%clk 0:10:15]} b5 {[%clk 0:03:29]} 26. Bc6 {[%clk 0:09:30]} Rb8
{[%clk 0:03:19]} 27. a3 {[%clk 0:09:05]} Ke7 {[%clk 0:03:23]} 28. f4
{[%clk 0:07:51]} Kd6 {[%clk 0:03:11]} 29. Bd5 {[%clk 0:07:54]} f5
{[%clk 0:03:05]} 30. Kd3 {[%clk 0:07:39]} fxe4+ {[%clk 0:02:48]} 31. Bxe4
{[%clk 0:07:45]} Ke6 {[%clk 0:02:47]} 32. Bxh7 {[%clk 0:07:38]} Rd8+
{[%clk 0:02:52]} 33. Kc3 {[%clk 0:07:16]} Kd5 {[%clk 0:02:16]} 34. Bf5
{[%clk 0:06:21]} Re8 {[%clk 0:02:05]} 35. Kd3 {[%clk 0:05:00]} c4+
{[%clk 0:01:33]} 36. Kd2 {[%clk 0:04:57]} Kd4 {[%clk 0:01:38]} 37. c3+
{[%clk 0:05:02]} Kc5 {[%clk 0:01:36]} 38. h3 {[%clk 0:04:35]} Rd8+
{[%clk 0:01:06]} 39. Ke2 {[%clk 0:04:39]} a5 {[%clk 0:01:12]} 40. g4
{[%clk 0:04:27]} b4 {[%clk 0:01:16]} 41. cxb4+ {[%clk 0:04:23]} axb4
{[%clk 0:01:22]} 42. axb4+ {[%clk 0:04:27]} Kxb4 {[%clk 0:01:30]} 43. Bc2
{[%clk 0:04:32]} c3 {[%clk 0:01:06]} 44. bxc3+ {[%clk 0:04:35]} Kxc3
{[%clk 0:01:12]} 45. Bf5 {[%clk 0:04:39]} Rd2+ {[%clk 0:01:18]} 46. Kf3
{[%clk 0:04:42]} Kd4 {[%clk 0:00:59]} 47. g5 {[%clk 0:04:25]} Rb2
{[%clk 0:00:59]} 48. Kg4 {[%clk 0:04:29]} Rb8 {[%clk 0:00:26]} 49. h4
{[%clk 0:04:12]} Kd5 {[%clk 0:00:23]} 50. h5 {[%clk 0:04:12]} Rh8
{[%clk 0:00:18]} 51. g6 {[%clk 0:04:14]} fxg6 {[%clk 0:00:20]} 52. hxg6
{[%clk 0:04:19]} Rg8 {[%clk 0:00:14]} 53. Kg5 {[%clk 0:04:25]} Kd6
{[%clk 0:00:14]} 54. Bd3 {[%clk 0:04:09]} Ke7 {[%clk 0:00:21]} 55. f5
{[%clk 0:04:16]} Rf8 {[%clk 0:00:23]} 56. Bc4 {[%clk 0:04:20]} 1-0

[Event "MCR druzstev mladsich zaku 2015"]
[Site "Hradec Kralove"]
[Date "2015.06.12"]
[Round "1.12"]
[White "Holecek (Stare Mesto), Dominik"]
[Black "Taus (Interchess), Zdenek"]
[Result "1-0"]
[BlackElo "1100"]
[WhiteElo "1258"]
[LiveChessVersion "1.4.4"]

1. e4 {[%clk 0:25:17]} e5 {[%clk 0:25:19]} 2. Nf3 {[%clk 0:25:25]} Nc6
{[%clk 0:25:26]} 3. d4 {[%clk 0:25:33]} Bb4+ {[%clk 0:25:07]} 4. c3 Be7 5. dxe5
{[%clk 0:24:16]} d6 {[%clk 0:24:43]} 6. exd6 {[%clk 0:24:09]} Bxd6
{[%clk 0:24:29]} 7. Bg5 {[%clk 0:24:03]} Nf6 {[%clk 0:24:08]} 8. e5
{[%clk 0:24:02]} Bxe5 {[%clk 0:23:48]} 9. Qxd8+ {[%clk 0:24:08]} Nxd8
{[%clk 0:23:20]} 10. Nxe5 {[%clk 0:24:15]} Ne6 {[%clk 0:23:03]} 11. Bxf6
{[%clk 0:24:15]} gxf6 {[%clk 0:22:48]} 12. Nf3 {[%clk 0:23:55]} Nc5
{[%clk 0:22:30]} 13. Nbd2 {[%clk 0:23:43]} Bf5 {[%clk 0:22:26]} 14. Bc4
{[%clk 0:23:30]} O-O-O {[%clk 0:22:01]} 15. O-O {[%clk 0:23:30]} Nd3
{[%clk 0:21:46]} 16. Rab1 {[%clk 0:22:04]} Rhg8 {[%clk 0:21:25]} 17. Kh1
{[%clk 0:21:43]} Rg6 {[%clk 0:20:55]} 18. Nh4 {[%clk 0:21:40]} Nxf2+
{[%clk 0:20:25]} 19. Rxf2 {[%clk 0:21:42]} Bxb1 {[%clk 0:20:02]} 20. Nxg6
{[%clk 0:21:41]} Bxg6 {[%clk 0:19:45]} 21. h3 {[%clk 0:21:00]} b5
{[%clk 0:19:16]} 22. Bxb5 {[%clk 0:20:53]} Kb8 {[%clk 0:18:53]} 23. Nf3
{[%clk 0:19:26]} Bd3 {[%clk 0:18:24]} 24. Rd2 {[%clk 0:18:44]} Bxb5
{[%clk 0:17:58]} 25. Rxd8+ {[%clk 0:18:50]} Kb7 {[%clk 0:17:41]} 26. Nd4
{[%clk 0:18:57]} Bf1 {[%clk 0:17:11]} 27. Kg1 {[%clk 0:18:46]} Bc4
{[%clk 0:16:57]} 28. b3 {[%clk 0:18:47]} Bd3 {[%clk 0:16:43]} 29. Kf2
{[%clk 0:18:45]} Be4 30. g4 {[%clk 0:18:46]} h6 {[%clk 0:16:06]} 31. Ke3
{[%clk 0:18:45]} Bb1 {[%clk 0:15:50]} 32. a4 {[%clk 0:18:49]} a5 {[%clk 0:15:39]}
33. Nf5 {[%clk 0:18:15]} Bxf5 34. gxf5 {[%clk 0:18:21]} Kb6 {[%clk 0:15:12]} 35.
Kd4 {[%clk 0:18:24]} Kc6 {[%clk 0:14:58]} 36. Rf8 {[%clk 0:17:54]} Kd6
{[%clk 0:14:31]} 37. Rxf7 {[%clk 0:18:01]} c6 {[%clk 0:14:11]} 38. Rxf6+
{[%clk 0:18:07]} Kc7 {[%clk 0:13:57]} 39. Kc5 {[%clk 0:18:14]} h5
{[%clk 0:13:46]} 40. Rxc6+ {[%clk 0:18:18]} Kb7 {[%clk 0:13:36]} 41. Rh6
{[%clk 0:18:22]} Ka7 42. Kb5 Ka8 {[%clk 0:13:00]} 43. Kb6 {[%clk 0:18:26]} h4
{[%clk 0:12:50]} 44. Rh8# 1-0

[Event "MCR druzstev mladsich zaku 2015"]
[Site "Hradec Kralove"]
[Date "2015.06.12"]
[Round "1.13"]
[White "Polansky (Usti n. L.), Adam"]
[Black "Svanda (Policka), Ondrej"]
[Result "0-1"]
[BlackElo "1863"]
[WhiteElo "1538"]
[LiveChessVersion "1.4.4"]

1. d4 Nf6 2. c4 {[%clk 0:25:25]} g6 {[%clk 0:25:19]} 3. g3 {[%clk 0:25:34]} Bg7
{[%clk 0:25:27]} 4. Bg2 {[%clk 0:25:43]} d6 {[%clk 0:25:29]} 5. Nc3
{[%clk 0:25:51]} O-O {[%clk 0:25:34]} 6. Nf3 {[%clk 0:26:00]} Nbd7
{[%clk 0:24:45]} 7. O-O {[%clk 0:26:07]} e5 {[%clk 0:24:39]} 8. e3
{[%clk 0:26:15]} Re8 {[%clk 0:24:22]} 9. Re1 {[%clk 0:26:23]} c6 {[%clk 0:24:16]}
10. a3 {[%clk 0:26:16]} e4 {[%clk 0:23:57]} 11. Nd2 {[%clk 0:26:25]} d5
{[%clk 0:24:06]} 12. b4 {[%clk 0:26:27]} Nb6 {[%clk 0:23:48]} 13. c5 Nbd7
{[%clk 0:23:52]} 14. a4 {[%clk 0:25:36]} Nf8 {[%clk 0:23:34]} 15. Bb2
{[%clk 0:25:40]} Bg4 {[%clk 0:23:36]} 16. Qb3 {[%clk 0:25:48]} Qd7
{[%clk 0:23:17]} 17. b5 {[%clk 0:25:48]} Rab8 {[%clk 0:23:00]} 18. a5
{[%clk 0:25:27]} Bh3 {[%clk 0:21:42]} 19. Bh1 {[%clk 0:25:14]} Ne6
{[%clk 0:21:08]} 20. Ra4 {[%clk 0:24:26]} Ng5 {[%clk 0:20:16]} 21. Rea1
{[%clk 0:23:23]} Bg4 {[%clk 0:20:11]} 22. Bg2 {[%clk 0:22:15]} Nf3+
{[%clk 0:19:57]} 23. Nxf3 {[%clk 0:22:08]} Bxf3 {[%clk 0:19:29]} 24. Bf1
{[%clk 0:21:17]} Ng4 {[%clk 0:18:28]} 25. h3 {[%clk 0:21:12]} Nf6
{[%clk 0:18:25]} 26. R4a3 {[%clk 0:21:15]} h5 {[%clk 0:17:09]} 27. h4
{[%clk 0:19:10]} Ng4 {[%clk 0:17:10]} 28. a6 Qf5 {[%clk 0:15:52]} 29. b6
{[%clk 0:17:36]} bxa6 {[%clk 0:14:05]} 30. Rxa6 {[%clk 0:16:48]} Nxf2
{[%clk 0:13:17]} 31. Rxa7 {[%clk 0:16:56]} Bh6 {[%clk 0:12:33]} 32. Bc1
{[%clk 0:15:38]} Bh1 {[%clk 0:10:30]} 33. R1a2 {[%clk 0:13:18]} Ng4
{[%clk 0:10:22]} 34. Bh3 {[%clk 0:11:53]} Qf3 {[%clk 0:09:40]} 35. Bxg4
{[%clk 0:09:00]} hxg4 {[%clk 0:09:27]} 36. Nd1 {[%clk 0:03:58]} Qxg3+
{[%clk 0:08:59]} 37. Kxh1 {[%clk 0:04:00]} Qe1+ {[%clk 0:08:59]} 38. Kg2
{[%clk 0:03:37]} Qxh4 {[%clk 0:09:07]} 39. Nf2 {[%clk 0:02:39]} g3
{[%clk 0:08:34]} 40. Nh3 {[%clk 0:02:23]} Qg4 {[%clk 0:08:32]} 41. Ng1
{[%clk 0:02:20]} f5 {[%clk 0:07:31]} 42. Qc2 {[%clk 0:01:56]} g5 {[%clk 0:07:13]}
43. Qe2 Qh4 {[%clk 0:07:21]} 44. Kf1 {[%clk 0:01:44]} f4 {[%clk 0:06:55]} 45. b7
{[%clk 0:00:54]} f3 {[%clk 0:06:39]} 46. Nxf3 {[%clk 0:00:28]} exf3
{[%clk 0:06:47]} 47. Qxf3 {[%clk 0:00:00]} 0-1

[Event "MCR druzstev mladsich zaku 2015"]
[Site "Hradec Kralove"]
[Date "2015.06.12"]
[Round "1.14"]
[White "Pavlicek (Policka), Lukas"]
[Black "Smid (Usti n. L.), Pavel"]
[Result "0-1"]
[BlackElo "1539"]
[WhiteElo "1563"]
[LiveChessVersion "1.4.4"]

1. e4 {[%clk 0:25:18]} e5 {[%clk 0:25:18]} 2. Nf3 {[%clk 0:25:26]} Nc6
{[%clk 0:25:27]} 3. Bc4 {[%clk 0:25:25]} Nf6 {[%clk 0:25:35]} 4. d3
{[%clk 0:24:34]} Bc5 {[%clk 0:25:24]} 5. Nc3 {[%clk 0:23:53]} O-O
{[%clk 0:25:19]} 6. Bg5 {[%clk 0:23:38]} h6 {[%clk 0:24:50]} 7. Bh4
{[%clk 0:23:28]} Be7 {[%clk 0:24:42]} 8. O-O {[%clk 0:22:46]} d6 {[%clk 0:24:10]}
9. h3 {[%clk 0:21:54]} Nh5 {[%clk 0:21:44]} 10. Bxe7 {[%clk 0:21:23]} Qxe7
{[%clk 0:21:23]} 11. Nd5 {[%clk 0:20:23]} Qd8 {[%clk 0:20:15]} 12. Nxe5
{[%clk 0:17:42]} Nxe5 {[%clk 0:19:21]} 13. Qxh5 {[%clk 0:17:47]} c6
{[%clk 0:17:55]} 14. Ne3 {[%clk 0:16:09]} Qf6 {[%clk 0:16:30]} 15. f4
{[%clk 0:12:44]} Ng6 {[%clk 0:14:49]} 16. c3 {[%clk 0:11:00]} Qe7
{[%clk 0:13:22]} 17. Rae1 {[%clk 0:08:42]} Qc7 {[%clk 0:11:58]} 18. g4
{[%clk 0:05:52]} d5 {[%clk 0:10:09]} 19. exd5 {[%clk 0:05:50]} Nxf4
{[%clk 0:09:44]} 20. d6 {[%clk 0:05:47]} Qxd6 {[%clk 0:09:05]} 21. Qh4
{[%clk 0:05:30]} g5 {[%clk 0:08:28]} 22. Bxf7+ {[%clk 0:03:39]} Rxf7
{[%clk 0:08:15]} 23. Nc4 {[%clk 0:03:42]} Qc5+ {[%clk 0:06:46]} 24. d4
{[%clk 0:03:43]} Qxc4 {[%clk 0:06:14]} 25. Qxh6 {[%clk 0:03:42]} Ne6
{[%clk 0:03:13]} 26. Qg6+ {[%clk 0:03:47]} Rg7 {[%clk 0:03:18]} 27. Qf6
{[%clk 0:03:45]} Bd7 {[%clk 0:03:21]} 28. h4 {[%clk 0:02:54]} Rf8
{[%clk 0:03:01]} 29. Qe5 {[%clk 0:02:32]} Qd5 {[%clk 0:03:00]} 30. Rxf8+
{[%clk 0:02:30]} Nxf8 {[%clk 0:02:59]} 31. Qxd5+ {[%clk 0:02:00]} cxd5
{[%clk 0:03:08]} 32. hxg5 {[%clk 0:01:31]} Rxg5 33. Re5 {[%clk 0:01:22]} Rxe5
{[%clk 0:03:17]} 34. dxe5 {[%clk 0:01:30]} Bxg4 {[%clk 0:03:25]} 35. Kf2
{[%clk 0:01:35]} Ng6 {[%clk 0:03:30]} 36. Ke3 {[%clk 0:01:44]} Be6
{[%clk 0:03:28]} 37. Kd4 {[%clk 0:01:37]} b6 {[%clk 0:03:14]} 38. b3
{[%clk 0:01:27]} Kf7 {[%clk 0:03:21]} 39. c4 {[%clk 0:01:35]} dxc4
{[%clk 0:02:48]} 40. bxc4 {[%clk 0:01:43]} Ke7 {[%clk 0:02:44]} 41. a4
{[%clk 0:01:21]} Nxe5 {[%clk 0:02:15]} 42. Kxe5 {[%clk 0:01:28]} Bxc4
{[%clk 0:02:23]} 43. Kd4 {[%clk 0:01:32]} Bb3 {[%clk 0:02:31]} 44. Ke5
{[%clk 0:01:33]} Kd7 {[%clk 0:02:29]} 45. a5 {[%clk 0:01:42]} Kc6
{[%clk 0:02:30]} 46. axb6 {[%clk 0:01:47]} axb6 {[%clk 0:02:39]} 47. Kd4
{[%clk 0:01:56]} Bf7 {[%clk 0:02:36]} 48. Kc3 {[%clk 0:01:59]} Kc5
{[%clk 0:02:44]} 49. Kb2 {[%clk 0:02:02]} Kb4 {[%clk 0:02:53]} 0-1

[Event "MCR druzstev mladsich zaku 2015"]
[Site "Hradec Kralove"]
[Date "2015.06.12"]
[Round "1.15"]
[White "Balin (Usti n. L.), Daniel"]
[Black "Zeman (Policka), Daniel"]
[Result "0-1"]
[BlackElo "1574"]
[WhiteElo "1338"]
[LiveChessVersion "1.4.4"]

1. e4 {[%clk 0:25:14]} c5 {[%clk 0:25:19]} 2. Nf3 {[%clk 0:25:10]} d6
{[%clk 0:25:27]} 3. d4 {[%clk 0:25:06]} cxd4 {[%clk 0:25:34]} 4. Nxd4
{[%clk 0:25:11]} Nf6 {[%clk 0:25:41]} 5. Nc3 {[%clk 0:25:04]} e6 {[%clk 0:25:44]}
6. Be3 {[%clk 0:24:21]} Be7 {[%clk 0:25:45]} 7. f3 {[%clk 0:24:22]} a6
{[%clk 0:25:16]} 8. Qd2 {[%clk 0:23:39]} O-O {[%clk 0:24:51]} 9. O-O-O
{[%clk 0:21:43]} Bd7 {[%clk 0:24:30]} 10. g4 {[%clk 0:20:46]} Kh8
{[%clk 0:20:48]} 11. g5 {[%clk 0:16:35]} Ng8 {[%clk 0:20:53]} 12. f4
{[%clk 0:15:12]} Nc6 {[%clk 0:18:55]} 13. h4 {[%clk 0:13:57]} e5 {[%clk 0:10:37]}
14. Nf5 {[%clk 0:11:04]} Bxf5 {[%clk 0:09:46]} 15. exf5 {[%clk 0:11:02]} f6
{[%clk 0:09:53]} 16. Qh2 {[%clk 0:09:43]} Qc7 {[%clk 0:09:08]} 17. Nd5
{[%clk 0:08:28]} Qc8 {[%clk 0:07:06]} 18. Nb6 {[%clk 0:07:25]} Qxf5
{[%clk 0:06:09]} 19. Nxa8 {[%clk 0:05:59]} Rxa8 {[%clk 0:06:17]} 20. Bd3
{[%clk 0:04:46]} Qe6 {[%clk 0:05:56]} 21. Kb1 {[%clk 0:04:45]} e4
{[%clk 0:04:47]} 22. Be2 {[%clk 0:03:44]} f5 {[%clk 0:04:42]} 23. h5
{[%clk 0:03:11]} Bf8 {[%clk 0:04:31]} 24. Bd2 {[%clk 0:01:11]} Nge7
{[%clk 0:04:01]} 25. Bc3 {[%clk 0:01:00]} Kg8 {[%clk 0:03:58]} 26. h6
{[%clk 0:00:30]} g6 {[%clk 0:03:46]} 27. Qf2 {[%clk 0:00:20]} Nd5
{[%clk 0:03:18]} 28. Be1 {[%clk 0:00:13]} b5 {[%clk 0:03:04]} 29. Rg1
{[%clk 0:00:13]} Rc8 {[%clk 0:03:01]} 30. c3 {[%clk 0:00:13]} Na5
{[%clk 0:02:45]} 31. c4 {[%clk 0:00:12]} Nxc4 {[%clk 0:02:51]} 32. Bxc4
{[%clk 0:00:18]} Rxc4 {[%clk 0:02:55]} 33. Ba5 {[%clk 0:00:12]} b4
{[%clk 0:02:17]} 34. Qd2 {[%clk 0:00:11]} Rc5 {[%clk 0:02:08]} 35. Bxb4
{[%clk 0:00:13]} Nxb4 {[%clk 0:02:16]} 36. Qxb4 {[%clk 0:00:21]} Rb5
{[%clk 0:02:11]} 37. Qa3 {[%clk 0:00:17]} d5 {[%clk 0:02:08]} 38. Qe3
{[%clk 0:00:25]} Bc5 {[%clk 0:02:03]} 39. Qc3 {[%clk 0:00:17]} d4
{[%clk 0:02:01]} 40. Qd2 {[%clk 0:00:11]} d3 {[%clk 0:01:38]} 41. Rge1
{[%clk 0:00:15]} Qc4 {[%clk 0:01:28]} 42. Rc1 {[%clk 0:00:15]} Qd5
{[%clk 0:01:36]} 43. Red1 {[%clk 0:00:12]} Qd4 {[%clk 0:01:31]} 44. b3
{[%clk 0:00:14]} a5 {[%clk 0:01:26]} 45. Rc4 {[%clk 0:00:22]} Qd5
{[%clk 0:01:31]} 46. Qc3 {[%clk 0:00:24]} Bf8 {[%clk 0:01:20]} 47. Rc8
{[%clk 0:00:14]} Rc5 {[%clk 0:01:10]} 48. Rxc5 {[%clk 0:00:20]} Qxc5
{[%clk 0:01:19]} 49. Qxc5 {[%clk 0:00:24]} Bxc5 {[%clk 0:01:28]} 50. Kc1
{[%clk 0:00:33]} Kf7 {[%clk 0:01:36]} 51. Kd2 {[%clk 0:00:29]} Ke6
{[%clk 0:01:45]} 52. Rc1 {[%clk 0:00:23]} Kd5 {[%clk 0:01:53]} 53. Rc4
{[%clk 0:00:31]} Kd6 {[%clk 0:01:50]} 54. Kc3 {[%clk 0:00:36]} Be3
{[%clk 0:01:47]} 55. b4 {[%clk 0:00:32]} axb4+ {[%clk 0:01:47]} 56. Rxb4
{[%clk 0:00:37]} Bxf4 {[%clk 0:01:54]} 57. a4 {[%clk 0:00:17]} Bxg5
{[%clk 0:02:03]} 58. a5 {[%clk 0:00:27]} Bxh6 {[%clk 0:02:07]} 59. a6
{[%clk 0:00:36]} Be3 {[%clk 0:02:16]} 60. Rb7 {[%clk 0:00:40]} h6
{[%clk 0:02:19]} 61. a7 {[%clk 0:00:47]} Bxa7 {[%clk 0:02:28]} 62. Rxa7
{[%clk 0:00:57]} Ke5 {[%clk 0:02:36]} 63. Kd2 {[%clk 0:01:01]} Kf4
{[%clk 0:02:45]} 64. Ra6 {[%clk 0:01:03]} g5 {[%clk 0:02:33]} 65. Rxh6
{[%clk 0:01:10]} g4 {[%clk 0:02:42]} 66. Rh8 {[%clk 0:00:52]} Kf3
{[%clk 0:02:51]} 67. Rf8 {[%clk 0:00:59]} f4 {[%clk 0:03:01]} 68. Ke1
{[%clk 0:01:02]} e3 {[%clk 0:03:09]} 69. Re8 {[%clk 0:01:04]} g3 {[%clk 0:03:09]}
70. Kf1 {[%clk 0:00:42]} g2+ {[%clk 0:03:01]} 71. Kg1 {[%clk 0:00:48]} d2
{[%clk 0:03:02]} 72. Rd8 {[%clk 0:00:55]} e2 {[%clk 0:03:02]} 73. Rd3+
{[%clk 0:00:58]} Ke4 {[%clk 0:03:11]} 0-1

[Event "MCR druzstev mladsich zaku 2015"]
[Site "Hradec Kralove"]
[Date "2015.06.12"]
[Round "1.16"]
[White "Svanda (Policka), Adam"]
[Black "Toman (Usti n. L.), Jan"]
[Result "1-0"]
[BlackElo "1294"]
[WhiteElo "1595"]
[LiveChessVersion "1.4.4"]

1. c4 {[%clk 0:25:14]} e5 {[%clk 0:25:17]} 2. Nc3 {[%clk 0:25:19]} Nf6
{[%clk 0:25:16]} 3. g3 {[%clk 0:25:12]} d5 {[%clk 0:24:53]} 4. cxd5
{[%clk 0:25:18]} Nxd5 {[%clk 0:24:59]} 5. Bg2 {[%clk 0:25:26]} Nxc3
{[%clk 0:24:39]} 6. bxc3 {[%clk 0:25:33]} Be6 {[%clk 0:24:24]} 7. Bxb7
{[%clk 0:25:38]} Bd5 {[%clk 0:24:15]} 8. Bxa8 {[%clk 0:25:45]} Bxa8
{[%clk 0:24:20]} 9. Nf3 {[%clk 0:25:30]} Bd6 {[%clk 0:23:37]} 10. O-O
{[%clk 0:25:14]} O-O {[%clk 0:23:18]} 11. Qa4 {[%clk 0:24:53]} Qf6
{[%clk 0:22:39]} 12. Qd1 {[%clk 0:21:30]} Nd7 {[%clk 0:21:26]} 13. Bb2
{[%clk 0:19:00]} Rb8 {[%clk 0:20:22]} 14. Rb1 {[%clk 0:18:58]} Bd5
{[%clk 0:19:25]} 15. Ba1 {[%clk 0:18:46]} Bxa2 {[%clk 0:18:45]} 16. Rxb8+
{[%clk 0:18:51]} Nxb8 {[%clk 0:18:50]} 17. Qa4 {[%clk 0:18:50]} Qe6
{[%clk 0:18:01]} 18. Qxa7 {[%clk 0:18:49]} Nd7 19. Qa8+ {[%clk 0:18:26]} Nf8
{[%clk 0:17:03]} 20. Ng5 {[%clk 0:17:58]} Qe7 {[%clk 0:16:26]} 21. Nxh7
{[%clk 0:17:43]} Kxh7 {[%clk 0:15:51]} 22. Qxa2 {[%clk 0:17:49]} Kg8
{[%clk 0:15:13]} 23. d4 {[%clk 0:17:23]} exd4 {[%clk 0:15:01]} 24. cxd4
{[%clk 0:17:18]} Ng6 {[%clk 0:14:48]} 25. Qb2 {[%clk 0:17:22]} Nf4
{[%clk 0:13:11]} 26. gxf4 {[%clk 0:16:09]} Bxf4 {[%clk 0:13:15]} 27. Qb8+
{[%clk 0:16:14]} Kh7 {[%clk 0:13:12]} 28. Qb7 {[%clk 0:16:18]} Qxe2
{[%clk 0:12:28]} 29. Qg2 {[%clk 0:16:21]} f6 {[%clk 0:11:49]} 30. Qh3+
{[%clk 0:16:23]} Kg8 {[%clk 0:11:44]} 31. d5 {[%clk 0:16:13]} Qc4
{[%clk 0:10:21]} 32. Qg2 {[%clk 0:16:10]} Be5 {[%clk 0:08:59]} 33. Bxe5
{[%clk 0:16:11]} fxe5 {[%clk 0:09:03]} 34. Ra1 {[%clk 0:16:04]} Qc5
{[%clk 0:08:24]} 35. Ra8+ {[%clk 0:16:11]} Kh7 {[%clk 0:08:02]} 36. Qe4+
{[%clk 0:16:05]} g6 {[%clk 0:07:56]} 37. Qh4+ {[%clk 0:16:13]} Kg7
{[%clk 0:07:56]} 38. Qh8+ {[%clk 0:16:21]} Kf7 {[%clk 0:07:53]} 39. Qg8+
{[%clk 0:16:29]} Kf6 {[%clk 0:07:39]} 40. Rf8+ {[%clk 0:16:12]} Kg5
{[%clk 0:07:32]} 41. h4+ {[%clk 0:16:05]} Kxh4 {[%clk 0:07:12]} 42. Qh8+
{[%clk 0:16:13]} Kg5 {[%clk 0:07:12]} 43. Qf6+ {[%clk 0:16:19]} Kh5
{[%clk 0:06:47]} 44. Qxe5+ {[%clk 0:16:14]} Kg4 {[%clk 0:06:01]} 45. Qg3+
{[%clk 0:16:21]} 1-0

[Event "MCR druzstev mladsich zaku 2015"]
[Site "Hradec Kralove"]
[Date "2015.06.12"]
[Round "1.17"]
[White "Werner Hong (Usti n. L.), Quan Dan"]
[Black "Malkova (Policka), Barbora"]
[Result "0-1"]
[BlackElo "1350"]
[WhiteElo "1170"]
[LiveChessVersion "1.4.4"]

1. e4 {[%clk 0:25:17]} c5 {[%clk 0:25:18]} 2. Bc4 {[%clk 0:25:25]} Nc6
{[%clk 0:25:24]} 3. d3 {[%clk 0:25:30]} g6 {[%clk 0:25:30]} 4. Nf3
{[%clk 0:25:34]} Bg7 {[%clk 0:25:36]} 5. Ng5 {[%clk 0:25:25]} e6 {[%clk 0:25:43]}
6. O-O {[%clk 0:25:15]} Nge7 {[%clk 0:25:50]} 7. Nc3 {[%clk 0:25:17]} O-O
{[%clk 0:25:55]} 8. Nf3 {[%clk 0:25:22]} d5 {[%clk 0:25:57]} 9. Bb3
{[%clk 0:25:12]} a6 {[%clk 0:25:55]} 10. Ba4 {[%clk 0:25:02]} b5 {[%clk 0:26:01]}
11. Bb3 {[%clk 0:25:08]} c4 {[%clk 0:26:06]} 12. dxc4 {[%clk 0:25:13]} dxc4
{[%clk 0:26:15]} 13. Qxd8 {[%clk 0:25:01]} Rxd8 {[%clk 0:26:23]} 14. Bg5
{[%clk 0:24:53]} cxb3 {[%clk 0:26:26]} 15. Bxe7 {[%clk 0:24:58]} Nxe7
{[%clk 0:26:34]} 16. axb3 {[%clk 0:25:04]} Bxc3 {[%clk 0:26:36]} 17. bxc3
{[%clk 0:25:08]} Bb7 {[%clk 0:26:42]} 18. Rfe1 {[%clk 0:25:08]} Rac8
{[%clk 0:26:42]} 19. Re3 {[%clk 0:25:02]} b4 {[%clk 0:26:25]} 20. c4
{[%clk 0:25:03]} Rc6 {[%clk 0:25:49]} 21. Ne5 {[%clk 0:25:00]} Rcd6
{[%clk 0:25:50]} 22. Ree1 {[%clk 0:24:50]} Bxe4 {[%clk 0:25:34]} 23. f3
{[%clk 0:24:43]} Bxc2 {[%clk 0:25:38]} 24. Re3 {[%clk 0:24:16]} Nf5
{[%clk 0:25:14]} 25. Re2 {[%clk 0:24:17]} Bxb3 {[%clk 0:24:43]} 26. c5
{[%clk 0:24:17]} Rd5 {[%clk 0:23:00]} 27. c6 {[%clk 0:24:14]} Nd4
{[%clk 0:22:26]} 28. Rd2 {[%clk 0:23:56]} Rxe5 {[%clk 0:21:11]} 29. Rxa6
{[%clk 0:23:46]} Ne2+ {[%clk 0:20:34]} 30. Rxe2 {[%clk 0:23:50]} Rxe2
{[%clk 0:20:36]} 31. c7 {[%clk 0:23:55]} Rd1# {[%clk 0:20:23]} 0-1